| 000 | 00665nam a22002657a 4500 | ||
|---|---|---|---|
| 003 | IBSLLIB | ||
| 005 | 20260512034748.0 | ||
| 008 | 260512b |||||||| |||| 00| 0 eng d | ||
| 020 | _a8175541113 | ||
| 040 |
_aIBSLLIB _beng |
||
| 041 | _heng | ||
| 082 |
_a658.4 _bBIR |
||
| 100 | _aBirch , Paul | ||
| 245 | _aInstant Leadership | ||
| 260 |
_aDelhi : _bKogan page _c2000 |
||
| 300 |
_a105 p ; _c24 cm |
||
| 505 | _aLeadership | ||
| 505 | _aLeadership management | ||
| 505 | _aleadership you and other | ||
| 505 | _aThe exercises | ||
| 650 | _aGenernal management | ||
| 653 | _aLeadership and management | ||
| 653 | _aCommunicating | ||
| 942 | _cLBK | ||
| 999 |
_c22106 _d22106 |
||